01334 2200217 4500001002100000005001500021035002000036007000300056008004100059020001800100100003900118245007200157300002300229650001300252700002600265520070900291264004201000336002101042337003001063338002301093INLIS00000000000000420201230122738 a0010-1220000004ta201230 b 0 ind  a602-249-127-40 aAgoes Dariyo, M.Si, PsiePengarang1 aSukses Mengubah Waktu Luang Menjadi Uang /cAgoes Dariyo, M.Si, Psi axiv, 85 ;c21 x 14 4aMotivasi0 aMursyidahePenyunting aIngin mendapatkan uang tambahan, tetapi bingung bagaimana mendapatkannya ? Jika Anda adalah seorang pelajar, mahasiswa, kaum eksekutif, ibu rumah tangga, sedang menanti pekerjaan, atau akan pensiun, buku ini sangat cocok untuk anda, karena di dalamnya Anda akan mendapatkan beragam kiat inspiratif untuk mendapatklan uang dari waktu luang yang Anda miliki. Anda pun akan menemukan kisah-kisah menarik tentang orang hebat yang sukses memanfaatkan waktu luang mereka. Dengan membaca buku ini, kepercayaan diri, semangat dan optimisme Anda akan meningkat! Alhasil, perjalanan menempuh masa depan akan terasa ringan, tanpa beban. Buku ini adalah solusi terhadap masalah yang mungkin selama ini Anda hadapi. aJakarta :bBhuana Ilmu Populer,c2013 aTeks2rdacontent aTanpa Perantara2rdamedia aVolume2rdacarrier